| 000 | 00462nam a2200193Ia 4500 | ||
|---|---|---|---|
| 005 | 20240823032233.0 | ||
| 008 | 240823s9999||||xx |||||||||||||| ||und|| | ||
| 020 | _a81-7515-441-1 | ||
| 041 | _aENGLISH | ||
| 082 | _A624.151 Q2 | ||
| 100 | _aSwami Saran | ||
| 245 | 0 | _aSoil Dynamics and Machine Foundations | |
| 250 | _a2nd | ||
| 260 |
_c2012 _b"Galgoti,New D" |
||
| 500 | _aYES | ||
| 650 |
_aSoill Dynamics _bMechanical |
||
| 942 | _cBK | ||
| 999 |
_c192980 _d192980 |
||